000 00790nam1a22002531 4500
001 RU\NLR\INFOCOMM18\ROSSICA\1000347810
005 20240726080121.0
035 _a(NLR Aleph) 009978856
090 _a9684794
_c9684794
100 _a20030410g17721789|||y0rusy50 ba
101 0 _ager
102 _aRU
_aLV
_aDE
105 _ay ||||000ay
200 1 _aRussische Bibliothek, zur Kenntniss des gegenwärtigen Zustandes der Literatur in Russland
_fBacmeister, Hartwich Ludw.Christian
210 _aSt.Petersburg
_aRiga
_aLeipzig
_d1772-1789
215 _d
300 _a2 экз.
700 1 _aBacmeister
_bH.L.Ch.
_gHartwich Ludw.Christian
_4070
801 1 _aRU
_bInfoComm
_c20030410
801 0 _aRU
_bNLR
_gPSBO
852 _aNLR
_bЦСБ
_j420/1
942 _cBOOK
980 _ain1719v